Online
Catalog

La crítica kantiana de la sociedad y de la religión : (Record no. 15129)

MARC details
000 -CABECERA
campo de control de longitud fija 00915cam a2200265 a 4500
001 - NÚMERO DE CONTROL
campo de control 000015573
005 - FECHA Y HORA DE LA ÚLTIMA TRANSACCIÓN
campo de control 20240301180539.0
008 - DATOS DE LONGITUD FIJA--INFORMACIÓN GENERAL
campo de control de longitud fija 791015s1979 sp b 000 0 spa d
020 ## - NÚMERO INTERNACIONAL ESTÁNDAR DEL LIBRO
Número Internacional Estándar del Libro 8430907963
035 ## - NÚMERO DE CONTROL DEL SISTEMA
Número de control de sistema (DLC) 79114160
040 ## - FUENTE DE LA CATALOGACIÓN
Centro catalogador/agencia de origen DO-SdBNP
Lengua de catalogación spa
Centro/agencia transcriptor BNPHU
Centro/agencia modificador DLC
082 ## - NÚMERO DE LA CLASIFICACIÓN DECIMAL DEWEY
Número de clasificación 921.343
Número de documento/Ítem M392U
049 ## - FONDOS LOCALES (OCLC)
Fondos de biblioteca BNGR
100 1# - ENTRADA PRINCIPAL--NOMBRE DE PERSONA
Nombre de persona Ureña M., Enrique.
9 (RLIN) 35136
245 13 - MENCIÓN DE TÍTULO
Título La crítica kantiana de la sociedad y de la religión :
Resto del título Kant, predecesor de Marx y Freud /
Mención de responsabilidad, etc. Enrique M. Ureña.
260 ## - PUBLICACIÓN, DISTRIBUCIÓN, ETC.
Lugar de publicación, distribución, etc. Madrid :
Nombre del editor, distribuidor, etc. Tecnos,
Fecha de publicación, distribución, etc. 1979.
300 ## - DESCRIPCIÓN FÍSICA
Extensión 151 p. ;
Dimensiones 20 cm.
490 1# - MENCIÓN DE SERIE
Mención de serie Ventana abierta
504 ## - NOTA DE BIBLIOGRAFÍA, ETC.
Nota de bibliografía, etc. Incluye referencias bibliográficas y notas al pie de las páginas.
600 14 - PUNTO DE ACCESO ADICIONAL DE MATERIA--NOMBRE DE PERSONA
Nombre de persona KANT, IMMANUEL,
Fechas asociadas al nombre 1724-1804
Subdivisión general INFLUENCIA
9 (RLIN) 35137
600 10 - PUNTO DE ACCESO ADICIONAL DE MATERIA--NOMBRE DE PERSONA
Nombre de persona Marx, Karl,
Fechas asociadas al nombre 1818-1883
9 (RLIN) 30439
600 14 - PUNTO DE ACCESO ADICIONAL DE MATERIA--NOMBRE DE PERSONA
Nombre de persona FREUD, SIGMUND,
Fechas asociadas al nombre 1856-1939.
9 (RLIN) 35138
830 #0 - PUNTO DE ACCESO ADICIONAL DE SERIE-TÍTULO UNIFORME
Título uniforme Ventana abierta
9 (RLIN) 13361
910 ## - DATOS DE OPCIÓN DEL USUARIO (OCLC)
Datos de opción del usuario Catalogación por copia / LC
Holdings
Estado de retiro Estado de pérdida Restricciones de uso No para préstamo Código de colección Localización permanente Ubicación/localización actual Ubicación en estantería Fecha de adquisición Número de inventario Total de préstamos Signatura topográfica completa Código de barras Fecha visto por última vez Precio válido a partir de Tipo de ítem Koha
    Préstamo interno   Monografías: Libros y Folletos General General En catalogación 12.02.2010 LF1   921.343 M392U 15573-10 25.06.2020 25.06.2020 Préstamo interno

Powered by Koha